[Event "FIN-chT 1314"]
[Site "Finland"]
[Date "2013.09.21"]
[Round "1.4"]
[White "Valli, Frans"]
[Black "Ristoja, Samu"]
[Result "1-0"]
[WhiteElo "2275"]
[BlackElo "2103"]
[PlyCount "157"]
[EventDate "2013.09.21"]
[EventType "team-tourn"]
[EventRounds "11"]
[EventCountry "FIN"]
[SourceTitle "CBM 156 Extra"]
[Source "ChessBase"]
[SourceDate "2013.10.22"]
[SourceVersion "1"]
[SourceVersionDate "2013.10.22"]
[SourceQuality "1"]
[WhiteTeam "Porvoo Velhot"]
[BlackTeam "Helsinki Garde"]
[WhiteTeamCountry "FIN"]
[BlackTeamCountry "FIN"]

1. Nf3 Nf6 2. c4 e6 3. Nc3 b6 4. g3 Bb7 5. Bg2 Bb4 6. Qc2 0-0 7. a3 Bxc3 8. Qxc3 d5 9. 0-0 dxc4 10. Qxc4 Ba6 11. Qa4 Bxe2 12. Re1 Bxf3 13. Bxf3 Nd5 14. Rb1 c5 15. b3 Nd7 16. Bb2 N7f6 17. d4 Qd7 18. Qc4 b5 19. Qd3 c4 20. bxc4 bxc4 21. Qxc4 Rfc8 22. Qd3 Rab8 23. Bc1 Rxb1 24. Qxb1 Qc7 25. Bd2 Qc2 26. Rc1 Qxb1 27. Rxb1 h6 28. Kf1 Rc2 29. Ke1 Rc4 30. Rb8+ Kh7 31. Rb7 Rc7 32. Rb5 Rc4 33. Ra5 Rc7 34. Ke2 Nb6 35. Rc5 Rd7 36. Kd3 Nbd5 37. a4 Rb7 38. Rb5 Rd7 39. a5 Rc7 40. a6 Rc6 41. Rb7 Rxa6 42. Rxf7 Ra3+ 43. Ke2 a5 44. Ra7 Ra2 45. Ra6 Nc3+ 46. Kd3 Nce4 47. Bxe4+ Nxe4 48. Kxe4 Rxd2 49. Ke3 Ra2 50. Rxe6 Ra1 51. Ra6 a4 52. h4 a3 53. Ke2 Ra2+ 54. Ke3 Ra1 55. Kd2 Ra2+ 56. Kc3 Ra1 57. Kb3 Rb1+ 58. Ka2 Rd1 59. Ra4 Rd3 60. h5 Kg8 61. g4 Kf7 62. Ra7+ Kf6 63. Rd7 Rf3 64. Rd6+ Kf7 65. d5 Rd3 66. f4 Rg3 67. Rg6 Rf3 68. g5 hxg5 69. fxg5 Rh3 70. Re6 Rxh5 71. g6+ Kf8 72. d6 Rd5 73. Kxa3 Rd4 74. Kb3 Rd1 75. Kc4 Rc1+ 76. Kb5 Rc2 77. d7 Rb2+ 78. Kc6 Rc2+ 79. Kb7 1-0

[Event "Pardubice Czech op-A 24th"]
[Site "Pardubice"]
[Date "2013.07.27"]
[Round "9"]
[White "Rzayev, Bahruz Iqbal Oglu"]
[Black "Valli, Frans"]
[Result "1-0"]
[WhiteElo "2429"]
[BlackElo "2237"]
[PlyCount "53"]
[EventDate "2013.07.19"]
[EventType "swiss"]
[EventRounds "9"]
[EventCountry "CZE"]
[SourceTitle "CBM 155 Extra"]
[Source "ChessBase"]
[SourceDate "2013.08.26"]
[SourceVersion "1"]
[SourceVersionDate "2013.08.26"]
[SourceQuality "1"]

1. e4 d5 2. exd5 Qxd5 3. Nc3 Qd6 4. d4 Nf6 5. Bd3 c6 6. Nge2 Bg4 7. f3 Bh5 8. Bf4 Qd8 9. Qd2 e6 10. Ne4 Be7 11. 0-0-0 0-0 12. h4 Nxe4 13. Bxe4 Nd7 14. g4 Bg6 15. h5 Bxe4 16. fxe4 h6 17. Kb1 Nf6 18. Qd3 Nh7 19. Nc3 Qd7 20. e5 Ng5 21. Bxg5 Bxg5 22. Ne4 Qe7 23. Rhf1 Rad8 24. Nd6 f6 25. Qc4 fxe5 26. dxe5 Kh8 27. a4 1-0